Lô gích và tiếng Việt
Tallennettuna:
| Päätekijä: | |
|---|---|
| Aineistotyyppi: | Kirja |
| Kieli: | Vietnamese |
| Julkaistu: |
Giáo dục
1999
|
| Tagit: |
Lisää tagi
Ei tageja, Lisää ensimmäinen tagi!
|
| Thư viện lưu trữ: | Mạng thư viện Đại học Đà Nẵng |
|---|
| LEADER | 00623nam a2200253 4500 | ||
|---|---|---|---|
| 001 | 000022332 | ||
| 003 | 18780 | ||
| 005 | 20150505080516.0 | ||
| 008 | 150505s1999 viesd | ||
| 020 | |c 19500 | ||
| 041 | 0 | |a vie | |
| 082 | 1 | 4 | |a 495.922 |b NG-D |
| 100 | 1 | |a Nguyễn Đức Dân | |
| 245 | 1 | 0 | |a Lô gích và tiếng Việt |c Nguyễn Đức Dân |
| 260 | |b Giáo dục |c 1999 | ||
| 300 | |a tr. |c cm. | ||
| OWN | |a LSP | ||
| 999 | |a From the UDN01 | ||
| TYP | |a Monograph | ||
| TYP | |a Printed language | ||
| 980 | |a Mạng thư viện Đại học Đà Nẵng | ||